| 000 | 00530nam a22002057a 4500 | ||
|---|---|---|---|
| 003 | OSt | ||
| 005 | 20220107122738.0 | ||
| 008 | 140421b xxu||||| |||| 00| 0 eng d | ||
| 020 | _a9788120329287 | ||
| 040 | _cIIITM-K | ||
| 082 | _a658.4034 PAN/O | ||
| 100 |
_aPanneerselvam, R _94294 |
||
| 245 |
_aOperations research _cby R Panneerselvam |
||
| 250 | _a2nd ed. | ||
| 260 |
_aNew Delhi, _bPHI Learning, _c2006. |
||
| 300 | _ax, 608p. | ||
| 650 |
_aMANAGEMENT _94295 |
||
| 650 |
_aOPERATIONS MANAGEMENT _94296 |
||
| 942 |
_2ddc _cBK |
||
| 999 |
_c3893 _d3893 |
||